Etica concreta
Sparad:
| Huvudupphovsman: | |
|---|---|
| Materialtyp: | Bok |
| Språk: | spanska |
| Publicerad: |
Barcelona
Herder
1964
|
| Serie: | Biblioteca Herder, Sección de Teología y Filosofía, 57
|
| Ämnen: | |
| Taggar: |
Lägg till en tagg
Inga taggar, Lägg till första taggen!
|
MARC
| LEADER | 00000nam a2200000 a 4500 | ||
|---|---|---|---|
| 001 | UCT7300 | ||
| 003 | CL-VaPUC | ||
| 008 | 970117e19640000SP |||||||||||||||||spa|d | ||
| 082 | 0 | 4 | |a 170 |b SCH |2 21 |
| 100 | 0 | |a Schollgen, Werner |e author |9 378222 | |
| 245 | 1 | 0 | |a Etica concreta |
| 300 | |a 549 p | ||
| 942 | |c BK | ||
| 945 | |d 19970117 00:00:00 |a rbrito | ||
| 260 | |a Barcelona |b Herder |c 1964 | ||
| 650 | 0 | |a Ética |9 255099 | |
| 650 | 0 | |a Valores morales |9 310604 | |
| 650 | 0 | |a Derecho natural |9 255041 | |
| 650 | 0 | |a Teología |9 258766 | |
| 650 | 0 | |a Ética médica |9 312024 | |
| 650 | 0 | |a Ontología |9 256850 | |
| 583 | |a last modification |c 19970117 00:00:00 |k Rodrigo Vera | ||
| 490 | 0 | |a Biblioteca Herder, Sección de Teología y Filosofía, 57 | |
| 999 | |c 255932 |d 255930 | ||
| 952 | |0 0 |1 2 |4 0 |6 170_000000000000000_SCH_1964 |7 0 |8 A |9 278428 |a BIBTEO |b BIBTEO |d 2019-11-19 |i 2010542 |o 170 SCH 1964 |p 2010542 |r 2019-11-19 |w 2019-11-19 |x Descarte 2019 |y BK |k ICR | ||